Corporate property management (Record no. 103145)

MARC details
000 -LEADER
fixed length control field 01442cam a2200265 4500
008 - FIXED-LENGTH DATA ELEMENTS--GENERAL INFORMATION
fixed length control field 031028n2003 000 0 eng u
020 ## - INTERNATIONAL STANDARD BOOK NUMBER
International Standard Book Number 0632060514
035 ## - SYSTEM CONTROL NUMBER
System control number (Sirsi) u124097
041 ## - LANGUAGE CODE
Language code of text/sound track or separate title eng
050 ## - LIBRARY OF CONGRESS CALL NUMBER
Classification number 333.324
-- 18
100 ## - MAIN ENTRY--PERSONAL NAME
Personal name Edwards, Victoria M.
245 ## - TITLE STATEMENT
Title Corporate property management
Remainder of title aligning real estate with business management
260 ## - PUBLICATION, DISTRIBUTION, ETC.
Place of publication, distribution, etc. Oxford
Name of publisher, distributor, etc. Blackwell
Date of publication, distribution, etc. 2003
300 ## - PHYSICAL DESCRIPTION
Extent xi, 240p.
Dimensions 25cm
350 ## - PRICE (NR) (BK AM CF MU VM SE) [OBSOLETE]
Price 24.99
520 ## - SUMMARY, ETC.
Summary, etc. Corporate property is the second biggest cost within an organisation after staff and therefore needs to be managed properly. Effective property management needs an understanding of both the operation of the property markets and the operational requirements of the business occupier. Aims to enable the reader to support the primary business function through strategic management of corporate property and thereby add value to the business. Uses a generic framework to assist in the analysis of any corporate property portfolio and providing a detailed review of this framework. This is then developed further through five in-depth case studies to illustrate the wide variety of property types and property users.
650 ## - SUBJECT ADDED ENTRY--TOPICAL TERM
Topical term or geographic name entry element PROPERTY PORTFOLIOS
650 ## - SUBJECT ADDED ENTRY--TOPICAL TERM
Topical term or geographic name entry element Property management
9 (RLIN) 6262
650 ## - SUBJECT ADDED ENTRY--TOPICAL TERM
Topical term or geographic name entry element CORPORATE PROPERTY
650 ## - SUBJECT ADDED ENTRY--TOPICAL TERM
Topical term or geographic name entry element BUSINESS STRATEGY
650 ## - SUBJECT ADDED ENTRY--TOPICAL TERM
Topical term or geographic name entry element REAL ESTATE
690 ## - LOCAL SUBJECT ADDED ENTRY--TOPICAL TERM (OCLC, RLIN)
Topical term or geographic name as entry element MANAGEMENT-BUSINESS MANAGEMENT
700 ## - ADDED ENTRY--PERSONAL NAME
Personal name Ellison, Louise
942 ## - ADDED ENTRY ELEMENTS (KOHA)
Suppress in OPAC 0
Holdings
Withdrawn status Lost status Source of classification or shelving scheme Damaged status Not for loan Home library Current library Shelving location Date acquired Cost, normal purchase price Total Checkouts Full call number Barcode Date last seen Date last checked out Copy number Cost, replacement price Price effective from Koha item type
    Other/Generic Classification Scheme     London London Books 05/12/2003 24.95 36 333.324 EDW 30068915 06/08/2019 10/11/2009 1 24.95 06/08/2019 Book